Radon transform on spaces of constant curvature
A correspondence among the totally geodesic Radon transforms---as well as among their duals---on the constant curvature spaces is established, and is used here to obtain various range characterizations.
Elmentve itt :
| Szerzők: | |
|---|---|
| Dokumentumtípus: | Cikk |
| Megjelent: |
1997
|
| Sorozat: | PROCEEDINGS OF THE AMERICAN MATHEMATICAL SOCIETY
125 No. 2 |
| doi: | 10.1090/S0002-9939-97-03570-3 |
| mtmt: | 1118122 |
| Online Access: | http://publicatio.bibl.u-szeged.hu/15950 |
| LEADER | 00981nab a2200229 i 4500 | ||
|---|---|---|---|
| 001 | publ15950 | ||
| 005 | 20221028120442.0 | ||
| 008 | 190703s1997 hu o 0|| angol d | ||
| 022 | |a 0002-9939 | ||
| 024 | 7 | |a 10.1090/S0002-9939-97-03570-3 |2 doi | |
| 024 | 7 | |a 1118122 |2 mtmt | |
| 040 | |a SZTE Publicatio Repozitórium |b hun | ||
| 041 | |a angol | ||
| 100 | 1 | |a Berenstein Carlos A. | |
| 245 | 1 | 0 | |a Radon transform on spaces of constant curvature |h [elektronikus dokumentum] / |c Berenstein Carlos A. |
| 260 | |c 1997 | ||
| 300 | |a 455-461 | ||
| 490 | 0 | |a PROCEEDINGS OF THE AMERICAN MATHEMATICAL SOCIETY |v 125 No. 2 | |
| 520 | 3 | |a A correspondence among the totally geodesic Radon transforms---as well as among their duals---on the constant curvature spaces is established, and is used here to obtain various range characterizations. | |
| 700 | 0 | 1 | |a Tarabusi Enrico Casadio |e aut |
| 700 | 0 | 1 | |a Kurusa Árpád |e aut |
| 856 | 4 | 0 | |u http://publicatio.bibl.u-szeged.hu/15950/1/bercaskur.pdf |z Dokumentum-elérés |